Statistics for Every Gucci Mane song that hit the Billboard hot 100

Click here to take the quiz!

General Stats

  • This quiz has been taken 15 times
  • The average score is 5 of 24

Answer Stats

Peak Chart PositionYearSong% Correct
12016Black Beatles
50%
292017Slippery
50%
112017I Get The Bag
50%
412017Both
38%
532010Lemonade
38%
962018CC
25%
402017Party
25%
892016P**** Print
25%
882017Met Gala
25%
812016Back On Road
25%
712016Champions
25%
672017Curve
25%
622007Freaky Gurl
13%
512009LOL :-)
13%
702017Good Drank
13%
482010Steady Mobbin'
13%
422017Down
13%
272017Fetish
13%
952017Stunting Ain't Nuthin
13%
362009Wasted
13%
142009Break Up
0%
782017Make Love
0%
832009I Get It In
0%
422009Spotlight
0%

Score Distribution

Percentile by Number Answered

Percent of People with Each Score

Your Score History

You have not taken this quiz